LEADER 03823nam a2200901 i 4500
001 nkc20183064330
003 CZ PrNK
005 20190515095659.0
007 ta
008 181218s2018 xr e 001 0dcze
015 |a cnb003064330 
020 |a 978-80-7017-262-9  |q (brožováno) 
035 |a (OCoLC)1089713357 
040 |a BOA001  |b cze  |d ABA001  |e rda 
043 |a e------  |a e-xr--- 
045 |a t-y1 
072 7 |a 271/279  |x Křesťanské církve, sekty, denominace  |2 Konspekt  |9 5 
080 |a 27-9"14/15"  |2 MRF 
080 |a 274/278-7  |2 MRF 
080 |a 271/278-64-672-84  |2 MRF 
080 |a 27-67  |2 MRF 
080 |a 274/278-722.7  |2 MRF 
080 |a 27-662:3  |2 MRF 
080 |a 394.46  |2 MRF 
080 |a 27-9:930  |2 MRF 
080 |a 2-6  |2 MRF 
080 |a (4)  |2 MRF 
080 |a (437.3)  |2 MRF 
080 |a (042.3)  |2 MRF 
080 |a (059)  |2 MRF 
080 |a (0:82-94)  |2 MRF 
100 1 |a Wernisch, Martin,  |d 1962-  |7 jo20010088863  |4 aut 
245 1 0 |a Evropská reformace, čeští evangelíci a jejich jubilea /  |c Martin Wernisch 
250 |a První vydání 
264 1 |a Praha :  |b Kalich, nakladatelství a knihkupectví, s.r.o.,  |c 2018 
300 |a 291 stran ;  |c 20 cm 
336 |a text  |b txt  |2 rdacontent 
337 |a bez média  |b n  |2 rdamedia 
338 |a svazek  |b nc  |2 rdacarrier 
504 |a Obsahuje bibliografické odkazy a rejstřík 
648 7 |a 16.-17. století  |7 ch757028  |2 czenas 
648 7 |a 16.-21. století  |7 ch757033  |2 czenas 
648 7 |a 17.-21. století  |7 ch757027  |2 czenas 
648 7 |a 21. století  |7 ch460559  |2 czenas 
650 0 7 |a reformace  |7 ph125063  |z Evropa  |y 16.-17. století  |2 czenas 
650 0 7 |a reformace  |7 ph125063  |z Česko  |y 16.-17. století  |2 czenas 
650 0 7 |a protestantské církve  |7 ph115899  |z Evropa  |y 16.-17. století  |2 czenas 
650 0 7 |a konfesionalizace  |7 ph916656  |z Evropa  |y 16.-17. století  |2 czenas 
650 0 7 |a interkonfesijní vztahy  |7 ph164202  |z Česko  |y 16.-17. století  |2 czenas 
650 0 7 |a evangelíci  |7 ph114505  |z Česko  |y 16.-17. století  |2 czenas 
650 0 7 |a křesťanství a společnost  |7 ph138510  |z Česko  |y 16.-21. století  |2 czenas 
650 0 7 |a historická výročí  |7 ph120724  |z Česko  |y 21. století  |2 czenas 
650 0 7 |a církevní historiografie  |7 ph187614  |z Česko  |y 21. století  |2 czenas 
650 0 9 |a reformation  |z Europe  |y 16th-17th centuries  |2 eczenas 
650 0 9 |a reformation  |z Czechia  |y 16th-17th centuries  |2 eczenas 
650 0 9 |a Protestant churches  |z Europe  |y 16th-17th centuries  |2 eczenas 
650 0 9 |a confessionalisation  |z Europe  |y 16th-17th centuries  |2 eczenas 
650 0 9 |a interconfessional connections  |z Czechia  |y 16th-17th centuries  |2 eczenas 
650 0 9 |a Evangelicals  |z Czechia  |y 16th-17th centuries  |2 eczenas 
650 0 9 |a Christianity and civilization  |z Czechia  |y 16th-21st centuries  |2 eczenas 
650 0 9 |a historical anniversaries  |z Czechia  |y 21st century  |2 eczenas 
650 0 9 |a church historiography  |z Czechia  |y 21st century  |2 eczenas 
651 7 |a Evropa  |7 ge137210  |x náboženské poměry  |y 16.-21. století  |2 czenas 
651 7 |a Česko  |7 ge128065  |x náboženské poměry  |y 16.-21. století  |2 czenas 
651 9 |a Europe  |x religious conditions  |y 16th-21st centuries  |2 eczenas 
651 9 |a Czechia  |x religious conditions  |y 16th-21st centuries  |2 eczenas 
655 7 |a přednášky  |7 fd133199  |2 czenas 
655 7 |a almanachy  |7 fd131789  |2 czenas 
655 7 |a medailony  |7 fd185951  |2 czenas 
655 9 |a lectures  |2 eczenas 
655 9 |a almanacs  |2 eczenas 
655 9 |a biographical portraits  |2 eczenas 
910 2 |a BOA001  |b 1-1419.487 
990 |a BK 
995 |a 01 
991 |b 201901  |c NOV 
996 6 |b 2610767386  |c 1-1419.487  |l MZK  |r Sklad / do 1 hodiny  |n 1  |p p.v.  |w 001702094  |u 000010  |a 1  |e BOA001  |j MZK50  |s P 
996 7 |b 2610772608  |c 1-1419.487  |l Vol.výběr  |r VV 0p  |n 9  |p kup  |h 271/279 WER  |w 001702094  |u 000020  |a 0  |e BOA001  |j MZK50  |s A